|
|
|
|
| LEADER |
01092nas a2200265 4500 |
| 001 |
c000155292 |
| 003 |
CARM |
| 005 |
20020205155345.0 |
| 008 |
011129d19681990enkar 0 a0eng d |
| 019 |
1 |
|
|a 926797
|5 LACONCORD2021
|
| 035 |
|
|
|a (OCoLC)1552610
|5 LACONCORD2021
|
| 040 |
|
|
|a WAU
|c WAU
|d ABN-SNR
|
| 110 |
2 |
|
|a University of Cambridge.
|
| 245 |
0 |
4 |
|a The Cambridge University handbook.
|
| 260 |
|
|
|a Cambridge, Eng.:
|b Cambridge University Press,
|c 1967-1989.
|
| 300 |
|
|
|a v. ;
|c 19 cm.
|
| 362 |
0 |
|
|a 1967-68-1989-90
|
| 610 |
2 |
0 |
|a University of Cambridge
|x Curricula
|x Periodicals.
|
| 780 |
0 |
0 |
|t Student's handbook to the University and Colleges of Cambridge
|
| 785 |
0 |
0 |
|a University of Cambridge.
|t Cambridge University guide to courses
|
| 852 |
8 |
|
|b CARM
|h A2:AL34A0
|i A02824
|p 0205027
|f SE
|
| 866 |
|
0 |
|a 1967/68-1986/87 Inc.
|
| 866 |
|
0 |
|a 1967/68-1986/87 Inc.
|
| 999 |
f |
f |
|i 283297dd-37fe-5200-be0f-273689a8b082
|s 10e68d36-91bd-588b-8f1c-82302011b6b9
|
| 952 |
f |
f |
|p Can circulate
|a CAVAL
|b CAVAL
|c CAVAL
|d CARM 1 Store
|e A02824
|f A2:AL34A0
|h Other scheme
|i book
|k 1967/68-1971/72, 1983/84, 1985/86-1986/87
|m 0205027
|